000 01249nam a2200313 i 4500
003 EG-GICUC
005 20260317035140.0
008 260317s2003 ua ||||fr|||| 00| 0 ara d
040 _a EG-GICUC
_bara
_c EG-GICUC
_d EG-GICUC
_erda
041 0 _hara
082 0 4 _221
_a345.8223
_bإ ب . ا
092 0 4 _221
099 _aLaw1 07 345.8223 إ ب . ا 2003
100 0 _aإبراهيم عبد العزيز شيحا
_eمؤلف.
245 1 2 _aالقضاء الإدارى :
_bولاية القضاء الإدارى دعوى الإلغاء /
_cالأستاذ الدكـتور إبراهيم عبد العزيز شيحا .
264 1 _aالاسكـندرية :
_bمنشأة المعـارف،
_c2003.
300 _a576 ؛ صفحة
_c24 سم.
_bإيضاحيات، صور، مثيليات ؛
336 _2rda content
_atext
337 _2rda media
_aComputer
338 _2rda carrier
_aOnline Resource
504 _a. 240-220 ببليوجرافيا: صفحات.
546 _aالنص باللغة العربية
650 1 4 _aدعوي الالغاء
_2qrmak
650 1 4 _aالقانون الإداري
_2qrmak
651 1 _2qrmak
856 4 0 _uhttps://fll.law.cu.edu.eg/fulltext/bks/B07-03741.pdf
905 _a77
942 _2ddc
_cBK
_e21
_n0
999 _c66389
_d66389